Представление документа в формате MARC21

Поле Инд. ПП Название Значение
Тип записи a
Библиографический уровень m
001 Контрольный номер a0d12d6a-ad6e-43ef-8ddf-fd4132595770
005 Дата корректировки 20211004114432.1
008 Кодируемые данные 060116
040 a Служба первич. каталог. НБ ТвГУ
041 0_ a Код языка текста rus
080 a Индекс УДК 821.161.1.09(043.3)
084 a Индекс другой классификации/Индекс ББК Ш5(2=411.2)6-34я031
090 x Авторский знак Ф33
a Полочн. индекс Ш5(2=411.2)
100 1_ a Автор Федорченко Виталий Александрович
245 10 a Заглавие Герой с идеалом и его стилевое воплощение в прозе 20-30-х годов XX столетия (опыт эстетической реконструкции)
b Продолж. заглавия автореф. дис. ... канд. филол. наук : 10.01.01
c Ответственность Кубан. гос. ун-т, Каф. аналит. журналистики, отеч. лит., теории и критики
260 1_ a Место издания Краснодар
c Дата издания 2005
300 a Объем 26 с.
500 a Примечание На правах рукоп.
504 a Библиография Библиогр. в конце кн.
650 04 a Основная рубрика Русская литература
x Основная подрубрика История
x Основная подрубрика Проза
y Хронологическая подрубрика 20 в.
650 04 a Основная рубрика Образы литературные
650 04 a Основная рубрика Русская проза
653 0_ a Ключевые слова Русская литература
a Ключевые слова Проза
a Ключевые слова Русская проза
a Ключевые слова Герой с идеалом в литературе
a Ключевые слова Литературные образы
a Ключевые слова Литературные герои
a Ключевые слова Авторефераты
852 41 i Расстановочный признак Проверка 2021
920 a Оператор Хохл
930 a Новая/Ретро авторефераты
952 c Вид литературы А/Р н
954 a Дата поступления на обработку 20060313
e Дата перешифровки 20211004